000 00525nam a2200181 i 4500
001 146195
003 ES-MaACL
005 20230906201439.0
007 t|
008 070904s1971 sp ||||1| spa d
100 1 _aTran-Thong.
_9111222
245 1 0 _aQue ha dicho verdaderamente Wallon /
_cTran-Thong ; [traducción por Natalia Calamai].
250 _a[1ª ed.].
260 _a[Madrid] :
_bDoncel,
_c[1971]
300 _a204 p. ;
_c18 cm.
700 1 _aCalamai, Natalia.
_933518
852 _aES-MaACL
_jC-45441
_bR.77952
999 _c146195
_d146195